FRA-Duques y Condes de Saboya - Estadísticas

Estadísticas generales
  • Esta prueba ha sido intentada 7 veces
  • La puntuación promedio es 11 de 34
Estadísticas de respuestas
Período Nombre del Duque % Correcto
1042-1051 Amadeo I
60%
1078-1080 Amadeo II
60%
1103-1148 Amadeo III
60%
1233-1253 Amadeo IV
60%
1465-1472 Amadeo IX
60%
1285-1323 Amadeo V
60%
1343-1383 Amadeo VI
60%
1383-1391 Amadeo VII
60%
1391-1416 Amadeo VIII
60%
1416-1440 Amadeo VIII
60%
1482-1490 Carlos I
60%
1490-1496 Carlos II
60%
1504-1553 Carlos III
60%
1440-1465 Luis I
60%
1268-1285 Felipe I
40%
1496-1497 Felipe II
40%
1637-1638 Francisco Jacinto
40%
1329-1343 Aimón I
20%
1472-1482 Filiberto I
20%
1497-1504 Filiberto II
20%
1057/60-1078 Pedro I
20%
1263-1268 Pedro II
20%
1189-1233 Tomás I
20%
1630-1637 Víctor Amadeo I
20%
1675-1713 Víctor Amadeo II
20%
1253-1263 Bonifacio I
0%
1580-1630 Carlos Manuel I
0%
1638-1675 Carlos Manuel II
0%
1323-1329 Eduardo I
0%
1027-1042 Humberto I
0%
1080-1103 Humberto II
0%
1148-1189 Humberto III
0%
1553-1580 Manuel Filiberto
0%
1051-1057/60 Otón I
0%
No se encontraron pruebas coincidentes
Distribución de puntuación
Porcentaje de gente con cada puntuación
Porcentaje por número respondido
Historial de tus puntuaciones
No has intentado esta prueba.